000
00306nam a22001337a 4500
008
171019b xxu||||| |||| 00| 0 eng d
020
_a
9780072832549
041
_a
eng
080
_2
10TH
_a
338
100
_a
53
101
_a
MEN
245
_a
MANAGEMENT SKILLS AND APPLICATION
_c
RUE,L.W
942
_2
udc
_c
BK
999
_c
34932
_d
34932